01235nam a2200289 a 4500001001000000003000400010005001700014007000300031008004100034040002500075082002800100100005100128245005900179250001200238260004200250300002100292500006600313590005400379590002700433650002800460650003100488910003700519942001400556952020900570952014900779999001700928000010424OSt20240412074307.0ta091007s1984 dr 000 p spa d aDO-SdBNPbspacBNPHU 4aRD861.44bJ86s 19842221 aJovine Bermúdez, Federico,d1944-201792542510aSalvo error u omisión /cFederico Jovine Bermúdez. a2a. ed. aSanto Domingo :bAlfa & Omega,c1984. a125 p. ;c20 cm. aIncluye datos biográficos del autor en la contracubierta. a1 ejemplar dedicado a Aida Cartagena Portalatin.  aInventariado, 2020/ YL 0aPoesía dominicana966 0aLiteratura dominicana.967 aValidado. Control de calidad MFF 2ddccLBS1 00102ddc51708PDaBNPHUbPDcHDd2020-10-23eDonaciónl0oBNPHU PD RD861.44 J86s 1984p2020-0218r2020-10-23w2020-10-23yLFPDzPerteneció a la biblioteca personal de Aída Cartagena Portalatín. 00102ddc51708PDaBNPHUbPDcHDd2013-10-23eFlia. Reyes Dulucl0oBNPHU PD RD861.44 J86s 1984p2020-0219r2020-10-23te. 2w2020-10-23yLFPD c48955d48955